| 000 | 01626nam a2200277Ia 4500 | ||
|---|---|---|---|
| 999 |
_c56521 _d56521 |
||
| 001 | 23635 | ||
| 003 | GE_BSU | ||
| 005 | 20260226131347.0 | ||
| 008 | 181216s1959||||ge |||||||||||||| ||geo|| | ||
| 020 | _a9992843446 | ||
| 040 | _cGE_BSU | ||
| 041 | _ageo | ||
| 080 | _a94(479.22)(093) ქ-27 | ||
| 245 |
_aქართლის ცხოვრება : _b ტომი 2 / _cტექსტი დადგენილი ყველა ძირითადი ხელნაწერის მიხედვით ს. ყაუხჩიშვილის მიერ ; მხატვარი გ. ნადირაძე. |
||
| 264 |
_aთბილისი : _bსაბჭ. საქართველო, _c1959. |
||
| 300 |
_a708 გვ. ; _c27 სმ. |
||
| 500 | _aლექსიკონი და საძიებლები : გვ. 541-703 | ||
| 504 | _aბიბლიოგრაფია შენიშვნებში | ||
| 541 | _h20 ლ. | ||
| 546 | _aდამატებითი თავფურცელი რუსულ ენაზე | ||
| 653 | _aქართლის ცხოვრება / ტექსტი დადგენილი ყველა ძირითადი ხელნაწერის მიხედვით ს. ყაუხჩიშვილის მიერ. ტ.2 | ||
| 653 | _aქართლის ცხოვრება" | ||
| 653 | _a საქართველოს ისტორიის წყაროები | ||
| 700 |
_aნადირაძე, გ. _eმხატვარი _926987 |
||
| 942 |
_cBK _2udc |
||